New venture creation <A> guide to entrepreneurship
Salvato in:
| Autore principale: | |
|---|---|
| Altri autori: | , |
| Natura: | Libro |
| Lingua: | inglese |
| Pubblicazione: |
Homewood
Irwin
1985
|
| Edizione: | 2. ed. |
| Soggetti: | |
| Tags: |
Nessun Tag, puoi essere il primo ad aggiungerne!!
|
MARC
| LEADER | 00000nam a2200000 4500 | ||
|---|---|---|---|
| 001 | c001022 | ||
| 005 | 20221220082033.7 | ||
| 020 | |a 0-256-03476-1 | ||
| 041 | 0 | |a eng | |
| 044 | |a US | ||
| 245 | 1 | 0 | |a New venture creation |b <A> guide to entrepreneurship |c Jeffry A. Timmons, Leonard E. Smollen, Alexander L.M. Dingee |
| 250 | |a 2. ed. | ||
| 264 | 1 | |a Homewood |b Irwin |c 1985 | |
| 300 | |a 700 s. | ||
| 610 | 2 | 0 | |a podnik |
| 610 | 2 | 0 | |a riziko |
| 610 | 2 | 0 | |a podnikanie |
| 610 | 2 | 0 | |a manažment |
| 610 | 2 | 0 | |a riadenie podnikové |
| 610 | 2 | 0 | |a stratégia podniková |
| 610 | 2 | 0 | |a plánovanie podnikové |
| 610 | 2 | 0 | |a financovanie podnikov |
| 610 | 2 | 0 | |a využitie počítačov |
| 100 | 1 | |a Timmons, Jeffry A. | |
| 700 | 1 | |a Smollen, Leonard E. | |
| 700 | 1 | |a Dingee, Alexander L.M. | |